000 00596nam a2200241Ia 4500
003 OSt
005 20220918173938.0
006 a|||||r|||| 00| 0
007 ta
008 220917b |||||||| |||| 00| 0 eng d
024 _a9,382
037 _cTextual
040 _aARTS
_cARTS
_beng
041 _2eng
_aeng
082 _a24(Z):8, L2
100 _aJain H C.
_948515
245 0 _aLaw library
260 _aDelhi
_bMetropolitan Book
_c1972
300 _a172p
_ccm.
650 _aLIBRARY SCIENCE
942 _h24(Z):8, L2
_cTEXL
_2CC
999 _c151031
_d151031